Industrial Reforms in China State-Owned Enterprises Between Output Growth and Profitability Decline

Saved in:
Bibliographic Details
Main Author: Raiser, Martin
Format: Book
Language:English
Published: Kiel Institut für Weltwirtschaft 1995
Series:Kiel Working Paper No.672
Subjects:
Tags: Add Tag
No Tags, Be the first to tag this record!

MARC

LEADER 00000nam a2200000 4500
001 c010679
005 20250521092949.0
041 0 |a eng 
044 |a DE 
245 1 0 |a Industrial Reforms in China  |b State-Owned Enterprises Between Output Growth and Profitability Decline  |c Martin Raiser 
264 1 |a Kiel  |b Institut für Weltwirtschaft  |c 1995 
300 |a 39 s. 
490 1 |a Kiel Working Paper  |v No.672 
830 0 |a Kiel Working Paper  |v No.672 
610 2 0 |a reformy hospodárske 
610 2 0 |a priemysel 
610 2 0 |a produkcia 
610 2 0 |a podnik štátny 
610 2 0 |a rentabilita podniku 
610 2 0 |a Čína 
100 1 |a Raiser, Martin